1218 1551 1925 1270 1125 1163 1387 1958 1976 1898 1708 1595 1777 1334 1927 1155 1375 1072 1697 1335 1443 1901 1369 1734 1815 1630 1650 1526 1762 1092 1289 1833 1955 1964 1247 1474 1797 1520 1232 1510 1886 1569 1364 1963 1956 1814 1302 1909 1550 1909 1170 1488 1757 1133 1262 1036 1782 1684 1701 1271 1700 1902 1731 1259 1682 1078 1551 1820 1575 1298 1595 1986 1941 1523 1314 1298 1879 1017 1010 1890 1445 1545 1535 1304 1316 1948 1936 1289 1602 1518 1606 1931 1016 1092 1224 1719 1951 1665 1628 BCNSPRNW ULIB Ver.6.0+V

เปลี่ยนเป็นภาษาไทย

Change to English
 แสดงรายละเอียดบรรณานุกรม
  กลับหน้าหลัก

Brief Record : Get Marc (ISO 2709) : E-mail record : QR code < ปิดหน้าต่าง
LEADER : 00000nam 2200000uu 4500
001    13399123654
003     ULIB
008    141103s2556||||th 000 0 tha d
020    ^a9786163358349
060  4 ^aWC528^bป418ร
100    ^aประเสริฐ ทองเจริญ
245    ^aระบาดบันลือโลก 22 : โรคไข้เลือดออกเด็งกี่ /^cประเสริฐ ทองเจริญ
246 0  World-Shaking Outbreaks-
250    ^aพิมพ์ครั้งที่ 1
260    ^aกรุงเทพฯ :^bอักษรสมัย(๑๙๙๙),^c2556
300    ^a174หน้า;^b18.5 ซม.
650    ^aโรคไข้เลือดออกเด็งกี่
945    ^p200^l0^i036517
945    ^p200^l0^i036518
945    ^p200^l0^i036519
945    ^p200^l0^i036520
945    ^p200^l0^i036521
999    ^aเกษร โพธิ์สุวรรณ
รายการนี้ยังไม่มีแท็ก
คุณยังไม่ได้ล็อกอิน คุณสามารถมีกิจกรรมร่วมกับเว็บไซต์ได้ แต่ต้องล็อกอินก่อน ::
  ล็อกอิน

รายการสื่อสารสนเทศ

ลำดับที่ ประเภท เลขเรียก/บาร์โค้ด สถานที่ สถานะ
1. วิทยาศาสตร์การแพทย์ และสุขภาพ
หนังสือสำรอง
สถานะ=หนังสือสำรอง
WC528 ป418ร ฉ.1 
  Barcode: 036517
ห้องสมุดวิทยาเขตสวรรค์ประชารักษ์
►ส่วนจัดเก็บหนังสือเก่า สปร
บนชั้น
  ขอยืม
2. วิทยาศาสตร์การแพทย์ และสุขภาพ
วิทยาศาสตร์การแพทย์ และสุขภาพ
WC528 ป418ร ฉ.2 
  Barcode: 036518
ห้องสมุดวิทยาเขตสวรรค์ประชารักษ์
►ส่วนจัดเก็บหนังสือเก่า สปร
บนชั้น
  ขอยืม
3. วิทยาศาสตร์การแพทย์ และสุขภาพ
วิทยาศาสตร์การแพทย์ และสุขภาพ
WC528 ป418ร ฉ.3 
  Barcode: 036519
ห้องสมุดวิทยาเขตสวรรค์ประชารักษ์
►ส่วนจัดเก็บหนังสือเก่า สปร
บนชั้น
  ขอยืม
4. วิทยาศาสตร์การแพทย์ และสุขภาพ
วิทยาศาสตร์การแพทย์ และสุขภาพ
WC528 ป418ร ฉ.4 
  Barcode: 036520
ห้องสมุดวิทยาเขตสวรรค์ประชารักษ์
►ส่วนจัดเก็บหนังสือเก่า สปร
บนชั้น
  ขอยืม
5. วิทยาศาสตร์การแพทย์ และสุขภาพ
วิทยาศาสตร์การแพทย์ และสุขภาพ
WC528 ป418ร ฉ.5 
  Barcode: 036521
ห้องสมุดวิทยาเขตสวรรค์ประชารักษ์
►ส่วนจัดเก็บหนังสือเก่า สปร
บนชั้น
  ขอยืม

รายการใกล้เคียง
    ผู้แต่ง [ประเสริฐ ทองเจริญ]

    หัวเรื่อง [โรคไข้เลือดออกเด็งกี่]

BibComment


ยังไม่เคยถูกคอมเมนท์

คอมเมนท์ทรัพยากรรายการนี้
  คอมเมนท์: ระบาดบันลือโลก 2..


 Copyright 2026. Bcnsprnw @Library